00999nab a22002057a 4500003000400000005001700004008004100021040000700062100003300069245013600102260007300238300001300311500004300324505014300367505009000510650000300600650002100603650002900624773014000653OSt20250214085354.0190604e xxu||||| |||| 00| 0 spa d cPJ aMartínez-Moscoso, Andrés13aCaudal ecológico y derechos de la naturaleza :banálisis del caso "Río Aquepi No. 1185-20-JP" /cAndrés Martínez-Moscoso. aCiudad Autónoma de Buenos Aires :bThomson Reuters La Ley, c2025. ap. 57-64 aCita Online: TR LALEY AR/DOC/2517/2024 aSumario: I. Introducción.— II. Hechos relevantes.— III. Estudio sobre el análisis constitucional realizado.— IV. Conclusiones.  t¿Te interesa el texto completo? Solicitalo al correo: koha@justierradelfuego.gov.ar  0 0aDAÑO AMBIENTAL 0aJURISPRUDENCIA APLICABLE0 02714dCiudad Autónoma de Buenos Aires : Thomson Reuters La Ley, 2014-tRevista anales de legislación argentina. Nº 1 - Enero 2025.